Sell : (Record no. 146780)

MARC details
000 -LEADER
fixed length control field 00592nam a22001817a 4500
005 - DATE AND TIME OF LATEST TRANSACTION
control field 20171023150516.0
010 ## - LCCN (DPL NO)
LC control number ENG-120894
020 ## - INTERNATIONAL STANDARD BOOK NUMBER
Terms of availability 499.00
International Standard Book Number 97893500095829
035 ## - SYSTEM CONTROL NUMBER
System control number EN-104426
037 ## - SOURCE OF ACQUISITION
Source of stock number/acquisition DBAD/PUB
082 ## - DEWEY DECIMAL CLASSIFICATION NUMBER
Classification number 658.85
100 ## - MAIN ENTRY--PERSONAL NAME
Personal name Bagchi,Suborto
245 ## - TITLE STATEMENT
Title Sell :
Statement of responsibility, etc by Subroto Bagchi
Remainder of title the art, the science,the witcheraft /
260 ## - PUBLICATION, DISTRIBUTION, ETC. (IMPRINT)
Place of publication, distribution, etc Gurugam
Name of publisher, distributor, etc Hachette Book Publishing
Date of publication, distribution, etc 2017
270 ## - ADDRESS
Address 4 th & 5th Floors, Corporate Center, Plot N0-94,Sector 44
City Gurugram (Haryana)
Postal code 122003
300 ## - PHYSICAL DESCRIPTION
Extent xiv,244p.
Dimensions 22cm(Hb)
942 ## - ADDED ENTRY ELEMENTS (KOHA)
Source of classification or shelving scheme Dewey Decimal Classification
Item type English Books
Classification part 658.85
Call number suffix BAG
Holdings
Withdrawn status Lost status Not for loan Collection code Home library Current library Date acquired Source of acquisition Cost, normal purchase price Full call number Barcode Copy number Cost, replacement price Koha item type
    Not For Loan Non-fiction D.B.Act.Division Sarojini Nagar 23/10/2017 DBAD/PUB 499.00 658.85 BAG EN-104426 1 499.00 English Books

© Delhi Public Library
Hit Counter
free hit counter